Largest Towns in Västernorrland - Statistics

General Stats
  • This quiz has been taken 18 times
  • The average score is 7 of 20
Answer Stats
Population Town % Correct
58,813 Sundsvall
100%
18,508 Härnösand
93%
33,348 Örnsköldsvik
93%
8,527 Sollefteå
80%
10,494 Timrå
80%
6,881 Kramfors
73%
2,769 Ånge
67%
1,806 Bjästa
27%
1,589 Husum
27%
1,812 Bollstabruk
20%
5,140 Kvissleby
20%
1,550 Långsele
20%
3,412 Matfors
20%
2,414 Söråker
13%
6,876 Vi
13%
1,741 Bergeforsen
0%
2,028 Ljungaverk-Fränsta
0%
2,793 Njurundabommen
0%
2,493 Stockvik
0%
1,313 Stöde
0%
No matching quizzes found
Score Distribution
Percent of People with Each Score
Percentile by Number Answered
Your Score History
You have not taken this quiz